La historia política del nunca más : la memoria de las desapariciones en la argentina /
Guardado en:
| Autor Principal: | |
|---|---|
| Formato: | Libro |
| Publicado: |
Buenos Aires :
Siglo Veintiuno,
2008
|
| Series: | Historia y cultura. Serie el pasado presente / dirigida por Luis Alberto Romero
|
| Materias: | |
| Etiquetas: |
Agregar Etiqueta
Sin Etiquetas, Sea el primero en etiquetar este registro!
|
| LEADER | 00931nam a22002175a 4500 | ||
|---|---|---|---|
| 001 | CEM.cems012947 | ||
| 005 | 20080826085210.0 | ||
| 008 | 130507s2008##################000#0#####d | ||
| 003 | CEMS | ||
| 020 | |a 9789876290258 | ||
| 082 | 0 | 4 | |a 364.15 |
| 100 | 1 | |a Crenzel, Emilio | |
| 245 | 1 | 0 | |a La historia política del nunca más : |b la memoria de las desapariciones en la argentina / |c Emilio Crenzel |
| 260 | |a Buenos Aires : |b Siglo Veintiuno, |c 2008 | ||
| 300 | |a 269 p. | ||
| 490 | 0 | |a Historia y cultura. Serie el pasado presente / dirigida por Luis Alberto Romero | |
| 505 | 0 | |a Desaparición, memoria y conocimiento -- Investigar el pasado. La CONADEP y la elaboración del Nunca Más -- El informa Nunca Más -- Usos y resignificaciones del Nunca Más | |
| 653 | |a Derechos humanos | ||
| 653 | |a Historia argentina-derechos humanos | ||
| 653 | |a Historia argentina-siglo xx | ||
| 859 | |a CEMS |b BIB. CEMS - 11 de abril |h 364.15 |i C723 |p 25241.08 |t Ej.1 | ||
